| 000 | 00000nam##2200000za#4500 |
| 001 | 9.679064 |
| 003 | CaOODSP |
| 005 | 20250910142445 |
| 007 | ta |
| 008 | 150407|1994||||xxc||||| f|0| 0 fre|d |
| 020 | |a2-920718-56-8 |
| 040 | |aCaOODSP|bfre |
| 043 | |an-cn--- |
| 086 | 1 |aD61-3/1993F |
| 110 | 1 |aCanada. |bMinistère de la défense nationale. |
| 245 | 10|aNormandie 1944 : |bl'été canadien / |cpar Bill McAndrew, Donald E. Graves, Michael Whitby |
| 260 | |aOttawa - Ontario : |bDéfense nationale |c1994. |
| 300 | |a162p. : |bill. (certaines en couleur), cartes ; |c31 cm. |
| 500 | |aPublié par Éditions Art Global en collaboration avec le ministère de la Défense nationale et le Groupe Communication Canada -- Édition. Données de catalogage avant publication (Canada) imprimées dans cette publication. Sommaire: Préface.--Préparation à l'Opération Overlord, 1939-1944.--Le Jour J.--De jeunes gens au combat.--Juin: l'impasse.--Juin à août: la guerre des canadiens en mer.--Juillet: la crête de Verrières.--Août: l'Opération Totalize.--Août: la fin de la campagne de Normandie.--Épilogue.--Bibliographie choisie. |
| 504 | |aBibliographie. |
| 520 | 3 |aCet ouvrage commémore le cinquantième anniversaire de la participation canadienne à l’opération Overlord, l’une des plus grandes réalisations des Alliés au cours de la Seconde Guerre mondiale : le débarquement en France occupée. |
| 563 | |aRelié toile |
| 590 | |a94-22|b1994-06-03 |
| 691 | 07|aHistoire militaire|2gcpds |
| 691 | 07|aGuerre|2gcpds |
| 720 | 1 |aMcAndrew, Bill |
| 720 | 1 |aGraves, Donald E. |
| 775 | 08|tNormandy 1944 : |w(CaOODSP)9.645317 |